| 000 | 03733cam a2200529 i 4500 | ||
|---|---|---|---|
| 999 |
_c64300 _d64300 |
||
| 001 | 740098 | ||
| 003 | CO-MdFUSB | ||
| 005 | 20220630062538.0 | ||
| 008 | 090202s2008 oru b 001 0 eng d | ||
| 020 | _a9781556350559 | ||
| 020 | _a1556350554 | ||
| 029 | 1 |
_aNZ1 _b12852974 |
|
| 040 |
_aEMT _cCO-MdFUSB _dPTS _bspa _erda |
||
| 041 | _aeng | ||
| 049 | _aPTSS | ||
| 082 |
_223 _a261.832 _bG562 |
||
| 245 | 0 | 1 |
_aGlobal voices on biblical equality _c/ Editado por : Aida Besancon Spencer, William David Spencer, and Mimi Haddad. _b: women and men ministering together in the church |
| 264 | 1 |
_aEugene, Or. : _bWipf & Stock, _c[2008] |
|
| 264 | 4 | _c©2008 | |
| 300 |
_axx, 243 páginas. ; _c23 cm. |
||
| 336 |
_2rdacontent _atexto _btxt |
||
| 337 |
_2rdamedia _asin mediación _bn |
||
| 338 |
_2rdacarrier _avolumen _bnc |
||
| 490 | 1 | _aHouse of Prisca and Aquila series | |
| 504 | _aIncluye referencias bibliográficas (páginas: 219-232) e índices. | ||
| 505 | 0 | 0 |
_tReform movements: how they revive the church. _tMovimiento reformado: cómo ellos reviven la iglesia / _rMimi Haddad -- _tPasos hacia un viaje a India. _tIndia-Steps forward on a journey in India _rEllen Alexander and Beulah Wood -- _tThe path of biblical equality for the Chinese women. _tEl camino de la igualdad bíblica para las mujeres chinas / _rCecilia Yau -- _tChallenging the patriarchal ethos: gender equality in the Korean American church. _tDesafiando el ethos patriarcal: igualdad de género en la iglesia coreana estadounidense / _rMatthew D. Kim -- _tBiblical equality in Zimbabwe, Africa. _tIgualdad Bíblica en Zimbabwe, África / _rConstantine M. Murefu -- _tGifted for leadership: gender equality from an African American perspective. _tDotado para el liderazgo: la igualdad de género desde una perspectiva afroamericana / _rDarin Vincent Poullard and Sandra Gatlin Whitley. _tIgualdad y nativos americanos en América del Norte / _rWilliam David Spencer -- _tBiblical equality and United States Latino churches. _tIgualdad bíblica e iglesias latinas de los Estados Unidos / _rAwilda González-Tejera -- _tBiblical equality among pastoring couples in the New England Portugese district of the International Church of the Foursquare Gospel. _tIgualdad bíblica entre las parejas de pastores en el distrito portugués de Nueva Inglaterra de la Iglesia Internacional del Evangelio Cuadrangular / _rJohn Runyon and Eliana Marques Runyon -- _tThe cause of the gospel for men and women in Europe. _tLa causa del evangelio para hombres y mujeres en Europa / _rElke Werner and Roland Werner -- _tA long hard struggle: the Australian story and the Australian churches and women. _tUna larga y dura lucha: la historia australiana y las iglesias y mujeres australianas / _rKevin Giles -- _tBiblical equality in the United States: signs for hope and difficult challenges. _tIgualdad bíblica en los Estados Unidos: signos de esperanza y desafíos difíciles. |
| 563 | _aRústico | ||
| 650 | 0 | _aMen in church work. | |
| 650 | 7 |
_aVocación _9312 |
|
| 650 | 0 | _aWomen in church work. | |
| 650 | 0 |
_aMujeres _9326 _xAspectos religiosos _xCristianismo |
|
| 650 | 0 |
_aEquality _xBiblical teaching. |
|
| 650 | 7 |
_aMujeres _xEnseñanza bíblica _2 _9410 |
|
| 650 | 0 |
_aSex role _xBiblical teaching. |
|
| 650 | 0 | _aPastoral theology. | |
| 653 | _aMujer - Trabajo en la iglesia | ||
| 653 | _aHombre - Trabajo en la iglesia | ||
| 653 | _aIgualdad - Enseñanza bíblica | ||
| 700 | 1 |
_aSpencer, Aída Besançon _9825 _eeditor |
|
| 700 | 1 |
_aSpencer, William David, _d1947- _eeditor |
|
| 700 | 1 |
_aHaddad, Mimi. _eeditor |
|
| 830 | 0 | _aHouse of Prisca and Aquila series. | |
| 942 | _cBK | ||